Elements of educational research (Record no. 71992)

MARC details
000 -LEADER
fixed length control field 00764cam a22002411 4500
001 - CONTROL NUMBER
control field sa 67000447
003 - CONTROL NUMBER IDENTIFIER
control field DLC
005 - DATE AND TIME OF LATEST TRANSACTION
control field 20260227112314.0
008 - FIXED-LENGTH DATA ELEMENTS--GENERAL INFORMATION
fixed length control field 740624s1966 ii a b 000 0 eng
010 ## - LIBRARY OF CONGRESS CONTROL NUMBER
LC control number sa 67000447
035 ## - SYSTEM CONTROL NUMBER
System control number (OCoLC)928152
040 ## - CATALOGING SOURCE
Original cataloging agency DLC
Transcribing agency OAU
Modifying agency OCoLC
-- DLC
050 00 - LIBRARY OF CONGRESS CALL NUMBER
Classification number LB1028
Item number .S9 1966
100 1# - MAIN ENTRY--PERSONAL NAME
Personal name Sukhia, S. P.
245 10 - TITLE STATEMENT
Title Elements of educational research
Statement of responsibility, etc. [by] S. P. Sukhia, P. V. Mehrotra [and] R. N. Mehrotra.
250 ## - EDITION STATEMENT
Edition statement 2d [rev.] ed.
260 ## - PUBLICATION, DISTRIBUTION, ETC.
Place of publication, distribution, etc. Bombay,
-- New York,
Name of publisher, distributor, etc. Allied Publishers
Date of publication, distribution, etc. [1966]
300 ## - PHYSICAL DESCRIPTION
Extent xv, 361 p.
Other physical details illus.
Dimensions 23 cm.
504 ## - BIBLIOGRAPHY, ETC. NOTE
Bibliography, etc. note Includes bibliographical references.
650 #0 - SUBJECT ADDED ENTRY--TOPICAL TERM
Topical term or geographic name entry element Education
General subdivision Research.
700 1# - ADDED ENTRY--PERSONAL NAME
Personal name Mehrotra, P. V.,
Relator term joint author.
700 1# - ADDED ENTRY--PERSONAL NAME
Personal name Mehrotra, R. N.,
Relator term joint author.

No items available.

Powered by Koha